| 000 | 00517nam a2200181Ia 4500 | ||
|---|---|---|---|
| 003 | GCL | ||
| 008 | 140319s9999 xx 000 0 eng d | ||
| 040 |
_aGCL / _cGCL |
||
| 082 | 0 | 4 |
_aCC _b069 _bC N |
| 100 | 1 | _aVERNIER, EMILE | |
| 245 | 1 | 0 |
_aCATALOGUE GENERAL DES ANTIQUITES EGYPTIENES DU MUSEE DU CAIRE / _cVERNIER, EMILE |
| 260 |
_aالقاهرة : _bIMPRIMERIE DE L'INSTITUT FRANCAIS |
||
| 300 |
_a32 CM ؛ _cMULTI |
||
| 650 | 0 | 4 | _aMUSEUMS |
| 650 | 0 | 4 | _aCATALOGUS |
| 650 | 0 | 4 | _aCAIRO - MUSEUMS |
| 942 |
_2ddc _cBK |
||
| 999 |
_c19633 _d19633 |
||